La tradició política alemanya : el pes del passat i la construcció de la nova República Federal / per Joan Marcet el pes del passat i la construcció de la nova República Federal / per Joan Marcet
Descripción Física:
40 p. ; 21 cm
MARC
| LEADER | 00000nam a2200000Ia 4500 | ||
|---|---|---|---|
| 001 | 16379 | ||
| 008 | 160829s1990 xx 000 0 cat d | ||
| 080 | |a FU-41-53 | ||
| 100 | |a Marcet, Joan |9 28414 | ||
| 245 | |a La tradició política alemanya : |b el pes del passat i la construcció de la nova República Federal / per Joan Marcet | ||
| 260 | |a Barcelona : |b Institut de Ciències Polítiques i Socials, |c 1990 | ||
| 300 | |a 40 p. ; |c 21 cm | ||
| 490 | |a Working papers / Institut de Ciències Polítiques i Socials ; 12 | ||
| 650 | |a Partits polítics |x Alemanya (Oest) |9 39203 | ||
| 650 | |a Alemanya |x Història |x S. XIX-XX |9 39204 | ||
| 710 | 2 | |a Institut de Ciències Polítiques i Socials (Barcelona, Catalunya) |9 55871 | |
| 901 | |a Arxiu | ||
| 942 | |n 1 | ||
| 952 | |0 0 |1 0 |4 0 |6 FU4153 |7 1 |9 48865 |a Arxiu |b Arxiu |d 2016-12-01 |l 0 |o FU-41-53 |p 16379 |r 2016-12-01 00:00:00 |w 2016-12-01 |y ARXIU | ||
| 999 | |c 52700 |d 52700 | ||